<?xml version="1.0" encoding="UTF-8"?>
<record
    xmlns:xsi="http://www.w3.org/2001/XMLSchema-instance"
    xsi:schemaLocation="http://www.loc.gov/MARC21/slim http://www.loc.gov/standards/marcxml/schema/MARC21slim.xsd"
    xmlns="http://www.loc.gov/MARC21/slim">

  <leader>00940nam a22002297a 4500</leader>
  <controlfield tag="003">Uzh_bibl</controlfield>
  <controlfield tag="008">260430b        |||||||| |||| 00| 0 ukr d</controlfield>
  <datafield tag="020" ind1=" " ind2=" ">
    <subfield code="a">966-524-218-0</subfield>
    <subfield code="c">3.75</subfield>
  </datafield>
  <datafield tag="040" ind1=" " ind2=" ">
    <subfield code="b">&#x443;&#x43A;&#x440;.</subfield>
  </datafield>
  <datafield tag="041" ind1=" " ind2=" ">
    <subfield code="2">ukr</subfield>
    <subfield code="a">ukr</subfield>
  </datafield>
  <datafield tag="080" ind1=" " ind2=" ">
    <subfield code="a">94(477)</subfield>
  </datafield>
  <datafield tag="090" ind1=" " ind2=" ">
    <subfield code="a">94(477)</subfield>
    <subfield code="b">&#x41B; 93</subfield>
  </datafield>
  <datafield tag="100" ind1=" " ind2=" ">
    <subfield code="a">&#x41B;&#x44E;&#x434;&#x43D;&#x438;&#x439;,&#x424;&#x435;&#x434;&#x456;&#x440;</subfield>
  </datafield>
  <datafield tag="245" ind1=" " ind2=" ">
    <subfield code="a">&#x414;&#x43E;&#x440;&#x43E;&#x433;&#x430;&#x43C;&#x438; &#x432;&#x456;&#x439;&#x43D;&#x438;</subfield>
    <subfield code="c">&#x445;&#x443;&#x434;&#x43E;&#x436;.&#x43E;&#x444;&#x43E;&#x440;&#x43C;.&#x41E;.&#x421;.&#x421;&#x456;&#x434;&#x430;&#x432;&#x441;&#x44C;&#x43A;&#x43E;&#x433;&#x43E;</subfield>
    <subfield code="h">&#x422;&#x435;&#x43A;&#x441;&#x442;</subfield>
  </datafield>
  <datafield tag="260" ind1=" " ind2=" ">
    <subfield code="a">&#x41A;&#x438;&#x457;&#x432;</subfield>
    <subfield code="b">&#x423;&#x43A;&#x440;&#x430;&#x457;&#x43D;&#x430;</subfield>
    <subfield code="c">2005</subfield>
  </datafield>
  <datafield tag="300" ind1=" " ind2=" ">
    <subfield code="a">420 &#x441;.</subfield>
    <subfield code="f">&#x412; &#x43E;&#x43F;&#x440;.</subfield>
  </datafield>
  <datafield tag="520" ind1=" " ind2=" ">
    <subfield code="a"> &#x423; &#x43A;&#x43D;&#x438;&#x437;&#x456; &#x437;&#x456;&#x431;&#x440;&#x430;&#x43D;&#x43E; &#x441;&#x43F;&#x43E;&#x433;&#x430;&#x434;&#x438; &#x432;&#x435;&#x442;&#x435;&#x440;&#x430;&#x43D;&#x456;&#x432; &#x432;&#x456;&#x439;&#x43D;&#x438;, &#x43D;&#x430;&#x440;&#x438;&#x441;&#x438;, &#x431;&#x456;&#x43E;&#x433;&#x440;&#x430;&#x444;&#x456;&#x447;&#x43D;&#x456; &#x43C;&#x430;&#x442;&#x435;&#x440;&#x456;&#x430;&#x43B;&#x438; &#x43F;&#x440;&#x43E; &#x431;&#x43E;&#x439;&#x43E;&#x432;&#x438;&#x439; &#x456; &#x442;&#x440;&#x443;&#x434;&#x43E;&#x432;&#x438;&#x439; &#x448;&#x43B;&#x44F;&#x445; &#x444;&#x440;&#x43E;&#x43D;&#x442;&#x43E;&#x432;&#x438;&#x43A;&#x456;&#x432;</subfield>
  </datafield>
  <datafield tag="521" ind1=" " ind2=" ">
    <subfield code="a">&#x414;&#x43B;&#x44F; &#x448;&#x438;&#x440;&#x43E;&#x43A;&#x43E;&#x433;&#x43E; &#x43A;&#x43E;&#x43B;&#x430; &#x447;&#x438;&#x442;&#x430;&#x447;&#x456;&#x432;</subfield>
  </datafield>
  <datafield tag="546" ind1=" " ind2=" ">
    <subfield code="a">&#x443;&#x43A;&#x440;.</subfield>
  </datafield>
  <datafield tag="650" ind1=" " ind2=" ">
    <subfield code="a">&#x41D;&#x430;&#x443;&#x43A;&#x43E;&#x432;&#x43E;-&#x43F;&#x43E;&#x43F;&#x443;&#x43B;&#x44F;&#x440;&#x43D;&#x435; &#x432;&#x438;&#x434;&#x430;&#x43D;&#x43D;&#x44F;</subfield>
    <subfield code="v">&#x406;&#x441;&#x442;&#x43E;&#x440;&#x438;&#x447;&#x43D;&#x430; &#x43B;&#x456;&#x442;&#x435;&#x440;&#x430;&#x442;&#x443;&#x440;&#x430;</subfield>
  </datafield>
  <datafield tag="942" ind1=" " ind2=" ">
    <subfield code="2">udc</subfield>
    <subfield code="c">BK</subfield>
  </datafield>
  <datafield tag="999" ind1=" " ind2=" ">
    <subfield code="c">17582</subfield>
    <subfield code="d">17582</subfield>
  </datafield>
  <datafield tag="952" ind1=" " ind2=" ">
    <subfield code="0">0</subfield>
    <subfield code="1">0</subfield>
    <subfield code="2">udc</subfield>
    <subfield code="4">0</subfield>
    <subfield code="7">0</subfield>
    <subfield code="a">CMB</subfield>
    <subfield code="b">CMB</subfield>
    <subfield code="c">AB</subfield>
    <subfield code="d">2026-04-30</subfield>
    <subfield code="i">55189</subfield>
    <subfield code="l">0</subfield>
    <subfield code="o">94(477)</subfield>
    <subfield code="p">19350</subfield>
    <subfield code="r">2026-04-30</subfield>
    <subfield code="w">2026-04-30</subfield>
    <subfield code="y">BK</subfield>
  </datafield>
</record>
